000 00286nam a22001337a 4500
003 OSt
005 20160727222347.0
008 160621b xxu||||| |||| 00| 0 eng d
040 _ctest
245 _aI am the people
260 _bNCERT
_c1984
300 _aI am the people
942 _2ddc
_cBK
999 _c220
_d220